Mensaje presidencial 1991
Guardat en:
| Autor principal: | |
|---|---|
| Format: | Llibre |
| Idioma: | espanyol |
| Publicat: |
Santiago
Antártica
1992
|
| Matèries: | |
| Etiquetes: |
Afegir etiqueta
Sense etiquetes, Sigues el primer a etiquetar aquest registre!
|
MARC
| LEADER | 00000nam a2200000 a 4500 | ||
|---|---|---|---|
| 001 | UCV3407 | ||
| 003 | CL-VaPUC | ||
| 008 | 930708e19920000CL |||||||||||||||||spa|d | ||
| 082 | 0 | 4 | |a 351.003 |b MEN |2 21 |
| 100 | |a Aylwin Azócar, Patricio |e author |9 352911 | ||
| 245 | 1 | 0 | |a Mensaje presidencial 1991 |
| 300 | |a 487 p | ||
| 942 | |c BK | ||
| 945 | |d 19930708 00:00:00 | ||
| 260 | |a Santiago |b Antártica |c 1992 | ||
| 500 | |a Mensaje presidencial 21 de mayo 1991 - 21 de mayo 1992: S.E. el Presidente de la República don Patricio Aylwin Azocar informa al país | ||
| 650 | 0 | |a Política y gobierno |9 255151 | |
| 650 | 0 | |a Política económica |9 255029 | |
| 650 | 7 | |a MENSAJES PRESIDENCIALES |2 CL-VaPUC |9 256599 | |
| 651 | 7 | |a CHILE |2 CL-VaPUC |9 297674 | |
| 583 | |a last modification |c 19930708 00:00:00 |k Rodrigo Vera | ||
| 999 | |c 210635 |d 210633 | ||
| 952 | |0 0 |1 0 |4 0 |6 351_003000000000000_MEN_1992 |7 0 |8 F |9 187008 |a BIBDER |b BIBDER |d 2019-11-14 |i 3964019 |o 351.003 MEN 1992 |p 3964019 |r 2023-01-25 |w 2019-11-14 |y BK_F |k DER | ||